100 жемчужин китайской мудрости: учебное пособие по разговорному китайскому языку

Bibliografiset tiedot
Yhteenveto:В предлагаемом издании собраны наиболее употребительные китайские пословицы и крылатые выражения, находящие регулярное применение в китайской повседневной речи. Овладение такого рода материалом не только является необходимым с точки зрения изучения языка, но и, что еще более важно, позволяет лучше узнать культуру китайцев, глубже прочувствовать особенности их менталитета, природу их взаимоотношений с окружающим миром. Издание адресовано широкому кругу лиц, изучающих китайский язык, а также всем интересующимся культурой и современным положением Китая.
Kieli:venäjä
kiina
Julkaistu: Москва, АСТ, 2007
Aiheet:
Aineistotyyppi: MixedMaterials Kirja
KOHA link:https://koha.lib.tpu.ru/cgi-bin/koha/opac-detail.pl?biblionumber=143573

MARC

LEADER 00000nam0a2200000 4500
001 143573
005 20231101221034.0
010 |a 9785170465149  |b (АСТ)  |b 4000 экз.  |b (Восток-Запад) 
010 |a 978-5-478-00628-0 
021 |a RU  |b 08-36883  |9 08-2028 
035 |a (RuTPU)RU\TPU\book\155587 
090 |a 143573 
100 |a 20080616d2007 m y0rusy5002 ca 
101 0 |a rus  |a chi 
102 |a RU  |a CN 
105 |a a j 000zy 
200 1 |a 100 жемчужин китайской мудрости  |e учебное пособие по разговорному китайскому языку 
210 |a Москва  |c АСТ  |c Восток-Запад  |a Пекин  |c Sinolingua  |d 2007 
215 |a 217 с.  |c ил. 
330 |a В предлагаемом издании собраны наиболее употребительные китайские пословицы и крылатые выражения, находящие регулярное применение в китайской повседневной речи. Овладение такого рода материалом не только является необходимым с точки зрения изучения языка, но и, что еще более важно, позволяет лучше узнать культуру китайцев, глубже прочувствовать особенности их менталитета, природу их взаимоотношений с окружающим миром. Издание адресовано широкому кругу лиц, изучающих китайский язык, а также всем интересующимся культурой и современным положением Китая. 
606 1 |a Китайский язык  |x Учебники и учебные пособия  |2 stltpush  |3 (RuTPU)RU\TPU\subj\73823  |9 86580 
610 1 |a лексика 
610 1 |a лексикология 
610 1 |a фразеология 
610 1 |a пословицы 
610 1 |a поговорки 
610 1 |a крылатые выражения 
610 1 |a Китай 
686 |a Ш171.11-923  |v LBC/SL-A  |2 rubbk 
801 1 |a RU  |b 63413507  |c 20080919  |g PSBO 
801 2 |a RU  |b 63413507  |c 20170210  |g PSBO 
942 |c BK 
959 |a 73/20080716  |d 1  |e 95,00  |f ЧЗИЛ:1